Introducción a la ciencia de las computadoras enfoque algoritmico / Jean Paul Tremblay, Richard B. Bunt (Registro nro. 12175)
[ vista simple ]
| 000 -LÍDER | |
|---|---|
| fixed length control field | 00590nam a2200157 4500 |
| 008 - ELEMENTOS DE LONGITUD FIJA -- INFORMACIÓN GENERAL | |
| fixed length control field | 01984 1982 0a 000 0Mex |
| 020 ## - NÚMERO INTERNACIONAL NORMALIZADO PARA LIBROS | |
| ISBN | 968-451-360-7 |
| 050 ## - SIGNATURA TOPOGRAFICA DE LA BIBLIOTECA DEL CONGRESO (LC) | |
| Número de Clasificación | QA76.9 .D35 T789 |
| 082 ## - NUMERO DE CLASIFICACION DECIMAL DEWEY | |
| Número de Clasificación | 001.642 T836i |
| 100 ## - ASIENTO PRINCIPAL--NOMBRE PERSONAL | |
| Nombre personal | Tremblay, Jean Paul |
| 245 ## - TÍTULO | |
| Título | Introducción a la ciencia de las computadoras enfoque algoritmico / Jean Paul Tremblay, Richard B. Bunt |
| 260 ## - PUBLICACIÓN, DISTRIBUCIÓN, ETC. (PIE DE IMPRENTA) | |
| Lugar de publicación, distribución, etc. | México : Mcgraw-Hill |
| 300 ## - DESCRIPCIÓN FÍSICA | |
| Extensión | 479 p. / 24 cm. |
| 650 ## - ASIENTO SECUNDARIO DE MATERIA - TERMINO TEMÁTICO | |
| Término temático o nombre geográfico como elemento de entrada | 1.ALGORITMOS \2.ESTRUCTURAS DE DATOS (COMPUTACION) \3.COMPUTADORAS ELECTRONICAS DIGITALES (PROGRAMACION) |
| 700 ## - ASIENTO SECUNDARIO - NOMBRE PERSONAL | |
| Nombre personal | Bunt, Richard B. |
| No. biblioteca | No. biblioteca | Número de clasificación | Código de barras/Número de adquisición | Número de copia | Tipo de material |
|---|---|---|---|---|---|
| LUIS G. INCLAN | LUIS G. INCLAN | 001.642 T836i | 195 | 2 | Libros |
| LUIS G. INCLAN | LUIS G. INCLAN | 001.642 T836i | 21926 | 10 | Libros |
| LUIS G. INCLAN | LUIS G. INCLAN | 001.642 T836i | 21927 | 11 | Libros |
| LUIS G. INCLAN | LUIS G. INCLAN | 001.642 T836i | 21928 | 12 | Libros |
| LUIS G. INCLAN | LUIS G. INCLAN | 001.642 T836i | 21929 | 13 | Libros |
| LUIS G. INCLAN | LUIS G. INCLAN | 001.642 T836i | 13386 | 4 | Libros |
| LUIS G. INCLAN | LUIS G. INCLAN | 001.642 T836i | 21925 | 9 | Libros |
